<?xml version="1.0" encoding="UTF-8"?><?xml-stylesheet type="text/xsl" href="static/style.xsl"?><OAI-PMH xmlns="http://www.openarchives.org/OAI/2.0/" xmlns:xsi="http://www.w3.org/2001/XMLSchema-instance" xsi:schemaLocation="http://www.openarchives.org/OAI/2.0/ http://www.openarchives.org/OAI/2.0/OAI-PMH.xsd"><responseDate>2026-04-17T06:50:00Z</responseDate><request verb="GetRecord" identifier="oai:www.recercat.cat:10256/7188" metadataPrefix="marc">https://recercat.cat/oai/request</request><GetRecord><record><header><identifier>oai:recercat.cat:10256/7188</identifier><datestamp>2024-05-22T09:55:24Z</datestamp><setSpec>com_2072_452966</setSpec><setSpec>com_2072_2054</setSpec><setSpec>col_2072_452967</setSpec></header><metadata><record xmlns="http://www.loc.gov/MARC21/slim" xmlns:dcterms="http://purl.org/dc/terms/" xmlns:xsi="http://www.w3.org/2001/XMLSchema-instance" xmlns:doc="http://www.lyncode.com/xoai" xsi:schemaLocation="http://www.loc.gov/MARC21/slim http://www.loc.gov/standards/marcxml/schema/MARC21slim.xsd">
   <leader>00925njm 22002777a 4500</leader>
   <datafield ind2=" " ind1=" " tag="042">
      <subfield code="a">dc</subfield>
   </datafield>
   <datafield ind2=" " ind1=" " tag="720">
      <subfield code="a">Olivet Pumarola, Albert</subfield>
      <subfield code="e">author</subfield>
   </datafield>
   <datafield ind2=" " ind1=" " tag="720">
      <subfield code="a">Porcar Roman, Andreu</subfield>
      <subfield code="e">author</subfield>
   </datafield>
   <datafield ind2=" " ind1=" " tag="720">
      <subfield code="a">Sánchez Mir, Sergi</subfield>
      <subfield code="e">author</subfield>
   </datafield>
   <datafield ind2=" " ind1=" " tag="260">
      <subfield code="c">2012</subfield>
   </datafield>
   <datafield ind2=" " ind1=" " tag="520">
      <subfield code="a">L’objectiu és proporcionar a la població de l’àrea d’estudi (Girona i municipis propers), eines i vies necessàries per tal que puguin ser eficients energèticament i efectius en la seva mobilitat quotidiana. Es crea un mapa d’aptitud per determinar la connexió idònia entre la ciutat de Girona i els municipis inclosos en l’àrea d’estudi mitjançant una xarxa de vies ciclistes, s’analitza el mapa d’aptitud amb la xarxa actual i futura de vies ciclistes, es proposen nous carrils bici per tal d’unir zones exemptes de vies ciclables i s’analitza l’opció de combinar el transport públic (tren i autobús) amb la bicicleta. Per definir la xarxa s’utilitza el programa SIG, considerant uns determinats paràmetres, en un radi de 15 km des de l’Ajuntament de Girona i es compara amb la xarxa de vies ciclables actuals i les propostes de futur. També s’inclou un pressupost</subfield>
   </datafield>
   <datafield ind1="8" ind2=" " tag="024">
      <subfield code="a">http://hdl.handle.net/10256/7188</subfield>
   </datafield>
   <datafield tag="653" ind2=" " ind1=" ">
      <subfield code="a">Desplaçaments en bicicleta -- Catalunya -- Girona</subfield>
   </datafield>
   <datafield tag="653" ind2=" " ind1=" ">
      <subfield code="a">Vies ciclistes -- Catalunya -- Girona</subfield>
   </datafield>
   <datafield tag="653" ind2=" " ind1=" ">
      <subfield code="a">Bicycle commuting -- Catalonia -- Girona</subfield>
   </datafield>
   <datafield tag="653" ind2=" " ind1=" ">
      <subfield code="a">Bicycle trails -- Catalonia -- Girona</subfield>
   </datafield>
   <datafield ind2="0" ind1="0" tag="245">
      <subfield code="a">Anàlisis i proposta d’accés amb itineraris ciclables entre Girona i els municipis del seu entorn immediat</subfield>
   </datafield>
</record></metadata></record></GetRecord></OAI-PMH>